Le cosmos et la vie

Sparad:
Bibliografiska uppgifter
Huvudupphovsman: Martin, Charles-Noel (autor)
Materialtyp: Bok
Språk:franska
Publicerad: París Encyclopédie Planéte 1970
Ämnen:
Taggar: Lägg till en tagg
Inga taggar, Lägg till första taggen!

MARC

LEADER 00000nam a2200000 a 4500
001 UCT3104
003 CL-VaPUC
008 961018e19700000FR |||||||||||||||||fre|d
082 0 4 |a 520  |b MAR  |2 21 
100 |a Martin, Charles-Noel  |e autor  |9 372075 
245 1 3 |a Le cosmos et la vie 
300 |a 347 p 
942 |c BK 
945 |d 19961018 00:00:00  |a paguirre 
260 |a París  |b Encyclopédie Planéte  |c 1970 
600 0 7 |a TIERRA  |2 CL-VaPUC  |9 369814 
600 0 7 |a SOL  |2 CL-VaPUC  |9 369815 
650 0 |a Astronomía  |9 260985 
650 0 |a Universo  |9 266563 
650 7 |a PLANETAS  |2 CL-VaPUC  |9 352277 
650 0 |a Astrofísica  |9 269137 
650 7 |a CUERPOS CELESTES  |2 CL-VaPUC  |9 310384 
583 |a last modification  |c 19961018 00:00:00  |k Rodrigo Vera 
999 |c 252907  |d 252905 
952 |0 0  |1 0  |4 0  |6 520_000000000000000_MAR_1970  |7 0  |8 A  |9 273081  |a BIBCUR  |b BIBCUR  |d 2019-11-19  |i 1765299  |o 520 MAR 1970  |p 1765299  |r 2025-04-22  |w 2019-11-19  |y BK  |k BCB